Migration and Global Health (Record no. 8014)

MARC details
000 -LEADER
fixed length control field 01433nam a2200133Ia 4500
008 - FIXED-LENGTH DATA ELEMENTS--GENERAL INFORMATION
fixed length control field 220615s9999||||xx |||||||||||||| ||und||
020 ## - INTERNATIONAL STANDARD BOOK NUMBER
International Standard Book Number 9783040000000
245 #0 - TITLE STATEMENT
Title Migration and Global Health
546 ## - LANGUAGE NOTE
Language note English[eng]
650 ## - SUBJECT ADDED ENTRY--TOPICAL TERM
Topical term or geographic name entry element incidence||stomach cancer||Laurén classification||migrants||former Soviet Union||cohort||Germany||caries||decay||Decayed Missing and Filled index (DMF) and dental health||refugee||asylum seeker||obesity||weight loss||diet||lifestyle||African migrants||children left behind||parental migration||physical health||children health||health-related quality of life||HRQL||acculturation||Turkish||SF-12||surveys and questionnaires||health||quality of life||migrant||colorectal cancer||young-onset||clinical characteristics||pathological characteristics||Former Soviet Union||resettlers||genetic differences||cardiovascular diseases||GWAS||Montreal Cognitive Assessment (MoCA)||cognition||Turkish migrants||predictors||oral health care||dental||access||attitude||Eritrea||refugees||asylum-seekers||qualitative||health care||utilization||depression||self-rated health||functional limitations||older age||migrant status||health inequalities||trend analysis||Europe||Mexican||Hispanic/Latino paradox||stress||migration||subjective health||smoking||diabetes||healthcare utilization
700 ## - ADDED ENTRY--PERSONAL NAME
Personal name Becher, Heiko||Winkler, Volker||Zeeb, Hajo
856 ## - ELECTRONIC LOCATION AND ACCESS
Uniform Resource Identifier <a href="https://mdpi.com/books/pdfview/book/5206">https://mdpi.com/books/pdfview/book/5206</a>
942 ## - ADDED ENTRY ELEMENTS (KOHA)
Koha item type E-Books
Holdings
Withdrawn status Lost status Damaged status Not for loan Home library Current library Date acquired Total Checkouts Date last seen Price effective from Koha item type
        Kerala University of Digital Sciences, Innovation and Technology Knowledge Centre Kerala University of Digital Sciences, Innovation and Technology Knowledge Centre 15/06/2022   15/06/2022 15/06/2022 E-Books